<?xml version="1.0" encoding="UTF-8"?><?xml-stylesheet type="text/xsl" href="static/style.xsl"?><OAI-PMH xmlns="http://www.openarchives.org/OAI/2.0/" xmlns:xsi="http://www.w3.org/2001/XMLSchema-instance" xsi:schemaLocation="http://www.openarchives.org/OAI/2.0/ http://www.openarchives.org/OAI/2.0/OAI-PMH.xsd"><responseDate>2026-04-28T21:05:59Z</responseDate><request verb="GetRecord" identifier="oai:riubu.ubu.es:10259/6279" metadataPrefix="marc">https://riubu.ubu.es/oai/request</request><GetRecord><record><header><identifier>oai:riubu.ubu.es:10259/6279</identifier><datestamp>2021-12-14T01:00:17Z</datestamp><setSpec>com_10259.4_103</setSpec><setSpec>com_10259.4_1</setSpec><setSpec>com_10259_2604</setSpec><setSpec>col_10259_6276</setSpec></header><metadata><record xmlns="http://www.loc.gov/MARC21/slim" xmlns:doc="http://www.lyncode.com/xoai" xmlns:xsi="http://www.w3.org/2001/XMLSchema-instance" xmlns:dcterms="http://purl.org/dc/terms/" xsi:schemaLocation="http://www.loc.gov/MARC21/slim http://www.loc.gov/standards/marcxml/schema/MARC21slim.xsd">
<leader>00925njm 22002777a 4500</leader>
<datafield tag="042" ind1=" " ind2=" ">
<subfield code="a">dc</subfield>
</datafield>
<datafield tag="720" ind1=" " ind2=" ">
<subfield code="a">Jabato Dehesa, María Jesús</subfield>
<subfield code="e">author</subfield>
</datafield>
<datafield tag="260" ind1=" " ind2=" ">
<subfield code="c">2015</subfield>
</datafield>
<datafield tag="520" ind1=" " ind2=" ">
<subfield code="a">La Cofradía de Nuestra Señora de la Soledad y de San -&#xd;
tiago, de la iglesia de Santiago y Santa Águeda, de Burgos, actuando&#xd;
en cumplimiento del legado que hizo una devota, encargó en 2012&#xd;
un manto al taller del bordador Salvador Oliver Urdiales. Realizado&#xd;
en oro fino y terciopelo negro según diseño del artista Jesús Ruiz Ce -&#xd;
brero, en 2013 pasó a formar parte del patrimonio de la cofradía&#xd;
enriqueciendo la Semana Santa burgalesa. Al hilo de la confección&#xd;
de este manto se hace un repaso a la historia de la talla de la Virgen&#xd;
de la Soledad y a la indumentaria de las vírgenes de vestir de esta&#xd;
advocación.</subfield>
</datafield>
<datafield tag="520" ind1=" " ind2=" ">
<subfield code="a">Nuestra Señora de la Soledad y de Santiago brotherhood,&#xd;
belonging to Santiago and Santa Águeda church in Burgos,&#xd;
acomplishing a devout's bequest, ordered in the year 2012 a cape to&#xd;
Salvador Oliver Urdiales' workshop. Made in fine gold and black velvet&#xd;
according to the design of Jesús Ruiz Cebrero, it become part of&#xd;
the brotherhood's heritage in the year 2013, enriching the burgalese&#xd;
Holy Week. In connection to the making of this cape, a review of the&#xd;
Virgen de la Soledad sculpture history and the clothing of this advocacy&#xd;
virgins is made.</subfield>
</datafield>
<datafield tag="024" ind2=" " ind1="8">
<subfield code="a">0211-8998</subfield>
</datafield>
<datafield tag="024" ind2=" " ind1="8">
<subfield code="a">http://hdl.handle.net/10259/6279</subfield>
</datafield>
<datafield ind1=" " ind2=" " tag="653">
<subfield code="a">Nuestra Señora de la Soledad</subfield>
</datafield>
<datafield ind1=" " ind2=" " tag="653">
<subfield code="a">Manto</subfield>
</datafield>
<datafield ind1=" " ind2=" " tag="653">
<subfield code="a">Iglesia de Santa Águeda</subfield>
</datafield>
<datafield ind1=" " ind2=" " tag="653">
<subfield code="a">Burgos</subfield>
</datafield>
<datafield ind1=" " ind2=" " tag="653">
<subfield code="a">Cape</subfield>
</datafield>
<datafield ind1=" " ind2=" " tag="653">
<subfield code="a">Santa Águeda church</subfield>
</datafield>
<datafield tag="245" ind1="0" ind2="0">
<subfield code="a">El manto de Nuestra Señora de la Soledad de Burgos: la indumentaria de las vírgenes de vestir en su advocación de la soledad</subfield>
</datafield>
</record></metadata></record></GetRecord></OAI-PMH>